The Christian preacher's companion and Christian evidences. (Record no. 4961)

000 -LEADER
fixed length control field 00683nam a2200205 a 4500
001 - CONTROL NUMBER
control field :::00002702$&:&@@
003 - CONTROL NUMBER IDENTIFIER
control field OkBaRHE
005 - DATE AND TIME OF LATEST TRANSACTION
control field 20000607103256.0
008 - FIXED-LENGTH DATA ELEMENTS--GENERAL INFORMATION
fixed length control field s1891 j 000 0 eng u
040 ## - CATALOGING SOURCE
Transcribing agency
100 1# - MAIN ENTRY--PERSONAL NAME
Personal name Campbell, Alexander and Challen, James.
245 14 - TITLE STATEMENT
Title The Christian preacher's companion and Christian evidences.
260 ## - PUBLICATION, DISTRIBUTION, ETC. (IMPRINT)
Place of publication, distribution, etc Joplin, MO., :
Name of publisher, distributor, etc College Press
Date of publication, distribution, etc 1891
300 ## - PHYSICAL DESCRIPTION
Extent 182 p. ;
Dimensions 23 cm.
650 ## - SUBJECT ADDED ENTRY--TOPICAL TERM
Topical term or geographic name as entry element Apologetics
General subdivision 19th Century
650 ## - SUBJECT ADDED ENTRY--TOPICAL TERM
Topical term or geographic name as entry element Bible New Testament
General subdivision Evidences, Authority, etc.
700 ## - ADDED ENTRY--PERSONAL NAME
Personal name Challen, James.
942 ## - ADDED ENTRY ELEMENTS (KOHA)
Source of classification or shelving scheme
Koha item type Books
Copies
Not for loan Source of classification or shelving scheme Price effective from Permanent Location Full call number Shelving location Date last seen Koha item type Lost status Withdrawn status Damaged status Barcode Copy number Date acquired
  2010-04-14RHEMA Bible Training CollegeBS 2332 .C3General Stacks2018-03-16Books   270212010-04-14